MARC

LEADER 00000nam0a2200000 4500
001 670874
005 20240628113530.0
010 |a 978-5-639-66368-6 
090 |a 670874 
100 |a 20240222d2014 k||y0rusy50 ba 
101 0 |a eng 
102 |a DE 
105 |a y z 001yy 
181 0 |a i   |b  e  
182 0 |a n 
183 0 |a nc  |2 RDAcarrier 
200 1 |a Engineering Curriculum Design Aligned with Accreditation Standards  |f Oleg V. Boev, Norbert Gruenwald, Guenter Heitmann 
203 |a Текст  |b визуальный  |c непосредственный 
210 |a Saarbrucken  |c Scholar's Press  |d 2014 
215 |a 166 p. 
283 |a volume  |2 RDAcarrier 
320 |a Glossary: p. 152-162 
320 |a Appendix: 163-166 
606 1 |a Инженерное образование  |x Организация  |x Модернизация  |y Россия  |9 83263 
610 1 |a высшее образование 
610 1 |a инженеры 
610 1 |a обучение 
610 1 |a учебные программы 
610 1 |a Болонский процесс 
610 1 |a инженерные программы 
610 1 |a учебные планы 
610 1 |a английский язык 
686 |2 rubbk  |a Ч484(2)72 
700 1 |a Boev  |b O. V.  |g Oleg V. 
701 1 |a Gruenwald  |b N.  |g Norbert 
701 1 |a Heitmann  |b G.  |g Guenter 
801 0 |a RU  |b 63413507  |c 20240222 
942 |c BK